European Countries not in the EU (With Map) - Statistics

General Stats
  • This quiz has been taken 2,586 times
  • The average score is 17 of 19
Answers on the Map
Answers color-coded by a green-red scale on the quiz's map according to % correct below.
 
Answer Stats
Answer % Correct
United Kingdom
95%
Vatican City
94%
Andorra
93%
Monaco
93%
Russia
92%
San Marino
91%
Ukraine
91%
Belarus
90%
Liechtenstein
90%
Albania
89%
Kosovo
88%
Norway
88%
Serbia
88%
Bosnia and Herzegovina
87%
Iceland
87%
North Macedonia
87%
Moldova
86%
Switzerland
86%
Montenegro
85%
No matching quizzes found
Score Distribution
Percent of People with Each Score
Percentile by Number Answered
Your Score History
You have not taken this quiz